01078cam a22002651a 4500001001300000003000400013005001700017008004100034010001700075035001900092040004800111042001200159050002600171051001800197100004000215245004900255260003300304300004800337490007100385501019600456530006900652650002300721856005100744999001700795e 08000517 DLC20260227111149.0830525s1908 dcuaf f000 0 eng c ae 08000517  a(OCoLC)9546296 aU.S. Off. of Educ. LibrarycABAUdABAUdDLC apremarc00aL111b.A6 1908, no. 5 aLA1318.F7bA71 aArnold, Julean Herbert,d1875-1946.10aEducation in Formosa /cby Julean H. Arnold. aWashington :bG.P.O.,c1908. a70 p., 5 leaves of plates :bill. ;c23 cm.0 aBulletin / U.S. Bureau of Education ;v1908, no. 5 = Whole no. 388 aL111.A6 with: On the training of persons to teach agriculture in the public schools / Liberty Hyde Bailey. Washington : Govt. Print. Off., 1908. Bound together subsequent to publication.5DLC aAlso available in digital form on the Internet Archive Web site. 0aEducationzTaiwan.41uhttp://hdl.loc.gov/loc.gdc/scd0001.00198443682 c18698d18698